| 000 | 01090nam a22002897a 4500 | ||
|---|---|---|---|
| 999 |
_c65975 _d65975 |
||
| 005 | 20240530110852.0 | ||
| 008 | 201102s2019 ua a g b 000 0dara d | ||
| 017 |
_a2019/1833 _bمصر. دار الكتب |
||
| 020 | _a9789773194826 | ||
| 040 |
_aEG-CaGPL _cEG-CaGPL |
||
| 082 | 0 | 4 |
_221 _a778.59/ _bح ت |
| 100 | 0 | _aحسن على قاسم | |
| 245 | 1 | 2 |
_aالتصوير التليفزيونى : _bالاسس . المبادئ . التقنيات / _cحسن على قاسم |
| 250 | _aط.1 | ||
| 260 |
_aالقاهرة : _bالعربى للنشر و التوزيع، _c2019 |
||
| 300 |
_a248 ص. ؛ _c24 سم. |
||
| 504 | _aيشتمل على ارجاعات ببليوجرافية | ||
| 650 | 0 | 7 |
_2qrmak _aالبرامج التليفزيونية |
| 650 | 0 | 7 |
_2qrmak _aالتصوير التليفزيونى |
| 650 | 0 | 7 |
_2qrmak _aالتصوير |
| 650 | 0 | 7 | _aالكاميرات |
| 650 | 0 | 7 | _aالكاميرات التليفزيونية |
| 650 | 0 | 7 |
_aديكورات الاضاءة _2qrmak |
| 651 | _2qrmak | ||
| 942 |
_2ddc _cBK |
||